Normal view
MARC view
- Sana Gul
Entry Personal Name
001 - CONTROL NUMBER
- control field: 3259
003 - CONTROL NUMBER IDENTIFIER
- control field: NUST
005 - DATE AND TIME OF LATEST TRANSACTION
- control field: 20170712164810.0
008 - FIXED-LENGTH DATA ELEMENTS
- fixed length control field: 170712|| aca||aabn | a|a d
040 ## - CATALOGING SOURCE
- Original cataloging agency: NUST
- Transcribing agency: NUST
100 ## - HEADING--PERSONAL NAME
- Personal name: Sana Gul
670 ## - SOURCE DATA FOUND
- Source citation: Work cat.: (NUST): Sana Gul, TH-PhD-Role of conserved cysteine's and methionine's in human papillomavirus-16 major capsid protein L1, 2016.
